00654nam a2200181Ia 4500001001000000003000500010008004100015010001100056040000900067082002000076110004900096245002800145260003500173300000900208440002600217500013600243650009300379Para_2637CHAP220125s1999 xx 000 0 und d a201170 cCHAP aPA-C 632.93 M49 aMéxico. Dirección General de Agricultura aCaldo bordeles /c DGA a-México- :b La dirección a2 h. aSerie B. Boletín; 1 aEncuadernado con: La propagación de la plaga conocida con el nombre de escama roja / México. Dirección General de Agricultura aSanidad vegetal x Colecciones de escritos Sanidad vegetal x Leyes Mezcla de bordeaux